India True or False? - Statistics

General Stats
  • This quiz has been taken 148 times
  • The average score is 6 of 10
Answer Stats
Question Answer % Correct
Haryana is a state of India True
76%
India and Bhutan are enemies False
72%
Ontario is a state of India False
72%
The G20 meeting happened in India in 2023 True
68%
India's national game is Cricket False
60%
Mathura is a city in India True
60%
India is 9th largest country in the world False
56%
India's Independence Day is celebrated on 27th August False
56%
India is a Hindu country True
56%
India produces most Apples in the world False
44%
No matching quizzes found
Score Distribution
Percent of People with Each Score
Percentile by Number Answered
Your Score History
You have not taken this quiz